书目信息 |
| 题名: |
红摇蓝
|
|
| 作者: | 王颖 著 | |
| 分册: | ||
| 出版信息: | 沈阳 辽宁人民出版社 1998.09 |
|
| 页数: | 10,471页 | |
| 开本: | 20cm | |
| 丛书名: | ||
| 单 册: | ||
| 中图分类: | I253.3 , G619.29 | |
| 科图分类: | 44.657 | |
| 主题词: | 报告文学--中国--现代 , 托儿所--延安--1937~1945--史料 | |
| 电子资源: | ||
| ISBN: | 7-205-04347-6 | |
| 000 | 00745nam0 2200277 45 | |
| 001 | 0199005392 | |
| 005 | 20041110162113.42 | |
| 009 | 0199005392 | |
| 010 | @a7-205-04347-6@dCNY 29.80 | |
| 100 | @a19990127d1998 em y0chiy0121 ea | |
| 101 | 0 | @achi |
| 102 | @aCN@b210000 | |
| 105 | @af z 000zd | |
| 200 | 1 | @a红摇蓝@Ahong yao lan@f王颖著 |
| 210 | @a沈阳@c辽宁人民出版社@d1998.09 | |
| 215 | @a10,471页@c照片@d20cm | |
| 510 | 1 | @aLos Angeles kindergarten@zeng |
| 606 | @a报告文学@y中国@z现代 | |
| 606 | @a托儿所@y延安@z1937~1945@x史料 | |
| 610 | 1 | @a洛杉矶托儿所 |
| 690 | @aI253.3@v3 | |
| 690 | @aG619.29@v3 | |
| 692 | @a44.657@v2 | |
| 701 | 0 | @a王颖@Awang ying@4著 |
| 801 | 0 | @aCN@bNLC@c20041110 |
| 905 | @a10447@dI253.3@eW432 | |
| 红摇蓝/王颖著.-沈阳:辽宁人民出版社,1998.09 |
| 10,471页:照片;20cm |
| ISBN 7-205-04347-6:CNY 29.80 |
| ● |
| 相关链接 |
|
|
|
正题名:红摇蓝
索取号:I253.3/W432
 
预约/预借
| 序号 | 登录号 | 条形码 | 馆藏地/架位号 | 状态 | 备注 |
| 1 | 426383 | 204263830 | 社科二线400B/400B社科库 24排2列2层/ [索取号:I253.3/W432] | 在馆 | |
| 2 | 426384 | 204263849 | 社科二线400B/400B社科库 24排2列2层/ [索取号:I253.3/W432] | 在馆 | |
| 3 | 426385 | 204263858 | 社科二线400B/400B社科库 24排2列2层/ [索取号:I253.3/W432] | 在馆 |